Дети других знаменитостей - Армагеддон - Statistics

General Stats
  • This quiz has been taken 38 times
  • The average score is 9 of 25
Answers on the Grid
Answers color-coded by a green-red scale on the quiz's grid according to % correct below.
Алексей Герман
Кристина Орбакайте
Мила Кунис
Артур Смольянинов
Мария Машкова
Франклин Рузвельт
Павел Санаев
Ричард Докинз
Тимоти Шаламе
Том Харди
Эмма Стоун
Джефф Бриджес
Андрей Миронов
Чулпан Хаматова
Педро Паскаль
Антонио Бандерас
Чарли Шин
Сергей Капица
Мария Гайдар
Брэд Питт
Энтони Хопкинс
Шарлотта Генсбур
Джордж Уолкер Буш
Рианна Пратчетт
Муслим Магомаев
Аркадий Бабченко
Амаяк Акопян
Ричард Гир
Морган Фримен
Орхан Джемаль
Иван Ургант
Андрей Тарковский
Лесли Нильсен
Стивен Спилберг
Виктория Бекхэм
Лев Гумилёв
Ильхам Алиев
Клаудиа Шиффер
Вера Брежнева
Чак Паланик
Максим Дунаевский
Джеймс МакЭвой
Патрик Суэйзи
Никита Михалков
Ким Кардашьян
Григорий Перельман
Башар Асад
Фёдор Бондарчук
Михаил Ефремов
Ксения Собчак
 
Answer Stats
Answer % Correct
Кристина Орбакайте
93%
Ксения Собчак
69%
Мария Машкова
59%
Никита Михалков
59%
Фёдор Бондарчук
59%
Иван Ургант
55%
Михаил Ефремов
55%
Алексей Герман
52%
Мария Гайдар
41%
Джордж Уолкер Буш
41%
Амаяк Акопян
38%
Павел Санаев
34%
Андрей Миронов
34%
Максим Дунаевский
34%
Ким Кардашьян
31%
Андрей Тарковский
28%
Чарли Шин
24%
Сергей Капица
24%
Лев Гумилёв
24%
Ильхам Алиев
24%
Башар Асад
17%
Шарлотта Генсбур
14%
Джефф Бриджес
10%
Рианна Пратчетт
10%
Орхан Джемаль
3%
No matching quizzes found
Score Distribution
Percent of People with Each Score
Percentile by Number Answered
Your Score History
You have not taken this quiz